Ecology and enviroment (Record no. 5521)
[ view plain ]
| 000 -LEADER | |
|---|---|
| fixed length control field | 00445nam a2200169Ia 4500 |
| 003 - CONTROL NUMBER IDENTIFIER | |
| control field | SGT |
| 020 ## - INTERNATIONAL STANDARD BOOK NUMBER | |
| International Standard Book Number | 9788171339655 |
| 082 ## - DEWEY DECIMAL CLASSIFICATION NUMBER | |
| Classification number | 577 |
| Item number | SHA |
| 100 ## - MAIN ENTRY--PERSONAL NAME | |
| Personal name | Sharma,P.D |
| 245 ## - TITLE STATEMENT | |
| Title | Ecology and enviroment |
| 250 ## - EDITION STATEMENT | |
| Edition statement | 11th . Ed. |
| 260 ## - PUBLICATION, DISTRIBUTION, ETC. (IMPRINT) | |
| Name of publisher, distributor, etc | Rastogi Publications |
| Place of publication, distribution, etc | Meerut |
| Year of Publication | 2012 |
| 300 ## - PAGE DESCRIPTION | |
| No. of Pages | 642p. |
| 650 ## - SUBJECT ADDED ENTRY--TOPICAL TERM | |
| Topical term or geographic name as entry element | ECOLOGY |
| 653 ## - KEYWORDS--INDEX TERM | |
| Keyword term | INTRODUCTION, CLIMATIC AND TOPOGRAPHIC FACTORS, BIOTIC FACTOR, AUTECOLOGY OF SPECIES |
| 942 ## - ADDED ENTRY ELEMENTS (KOHA) | |
| Source of classification or shelving scheme | Dewey Decimal Classification |
| Koha item type | Books |
| 942 ## - ADDED ENTRY ELEMENTS (KOHA) | |
| -- | 1 |
| Withdrawn status | Lost status | Source of classification or shelving scheme | Damaged status | Not for loan | Home library | Current library | Date acquired | SGTU | Total Checkouts | Full call number | Accession No. (Barcode) | Date last seen | Date last borrowed | Bill Date | Koha item type | Use restrictions | Shelving location |
|---|---|---|---|---|---|---|---|---|---|---|---|---|---|---|---|---|---|
| Dewey Decimal Classification | SGT Engineering Library | SGT Engineering Library | 30/05/2013 | SGTU | 4 | 577 SHA | FE5730 | 25/01/2021 | 22/01/2021 | 09/02/2015 | Books | ||||||
| Dewey Decimal Classification | SGT Engineering Library | SGT Engineering Library | 30/05/2013 | SGTU | 5 | 577 SHA | FE5731 | 28/11/2019 | 23/11/2019 | 09/02/2015 | Books | ||||||
| Withdrawn | Dewey Decimal Classification | SGT Engineering Library | SGT Engineering Library | 30/05/2013 | SGTU | 577 SHA | FE5732 | 09/02/2015 | 09/02/2015 | Books | |||||||
| Dewey Decimal Classification | Not For Loan | SGT Engineering Library | SGT Engineering Library | 30/05/2013 | SGTU | 577 SHA | FE5733 | 09/02/2015 | 09/02/2015 | Books | Restricted Access | Reference Book | |||||
| Dewey Decimal Classification | SGT Engineering Library | SGT Engineering Library | 30/05/2013 | SGTU | 4 | 577 SHA | FE5734 | 05/02/2024 | 31/01/2024 | 09/02/2015 | Books | ||||||
| Dewey Decimal Classification | SGT Engineering Library | SGT Engineering Library | 30/05/2013 | SGTU | 3 | 577 SHA | FE5735 | 19/07/2019 | 31/05/2019 | 09/02/2015 | Books |